01465nam a2200313 a 450000100100000000500170001000800410002704000250006808200130009313000180010624500350012426000900015930000170024949000070026650000480027350502040032170000380052570000350056370000360059873000510063473000340068573000380071973000360075783000140079395201110080795201080091895201080102699900170113400004100320201002034537.0130913s19571998sp 000 0 spa d aDO-SdBNPbspacBNPHU axxxbxxx0 aBiblia96744110aBiblia Polyglotta Matritensia. aMatriti, España :bConsejo Superior de Investigaciones Científicas,c1957-[1998]. av. ;c32 cm.1 aIV aLa biblioteca posee el proemium, L. 3 y L.50 gContétProoemiumgL. 1tGenesis.gL. 2tExodus.gL. 3tLeviticus.gL. 5tDeuteronomiumgL. 21tPsalterium visigothicum-mozarabicumgL. 21tPsalterium S. Hieronymi de Hebraica veritate interpretatum1 aAyuso Marazuela, Teófilo9674421 aDíez Macho, Alejandro9653851 aOrtiz de Urbina, Ignacio9674430 aBiblia.7pA.T.pVisigótico-mozárabe9674440 aBíbliapA.TpÉxode9674450 aBíbliapA.TpDeuteronomi9674460 aBíbliapA.TpLevític967447 0aIV967448 001050718MOaGRbGRcCTd2013-09-13iLF1l0oxxx xxxp41003-10r2020-06-25w2020-06-25y1ZNo se presta 001050718MOaGRbGRcCTd2013-11-19iLF1l0ov. 3p41003-20r2020-06-25w2020-06-25y1ZNo se presta 001050718MOaGRbGRcCTd2013-11-19iLF1l0ov. 5p41003-30r2020-06-25w2020-06-25y1ZNo se presta c40493d40493